| 000 | 00823nam a2200241Ia 4500 | ||
|---|---|---|---|
| 008 | 130821s2004 mx gr spa | ||
| 020 | _a968165210x | ||
| 040 |
_aCo-BoUCM _bspa |
||
| 041 | 0 | 0 | _aspa |
| 100 | 1 |
_aBauman, Zygmunt _d1925- _953406 |
|
| 245 | 1 | 3 |
_aLa globalización consecuencias humanas _cZygmunt Bauman; traducción de Daniel Zadunaisky |
| 250 | _a2a. Ed. | ||
| 260 |
_aMéxico D.F. (México) _bFondo de Cultura Económica _c2004 |
||
| 300 | _a169 páginas | ||
| 504 | _aIncluye índice. | ||
| 650 | 0 | 4 |
_aCambio social _910356 |
| 650 | 0 | 4 |
_aGlobalización _vAspectos sociales _9216 |
| 650 | 0 | 4 |
_aSociología _9386 |
| 700 | 1 |
_aZadunaisky, Daniel _etrad. _952033 |
|
| 765 | 1 | 0 |
_tGlobalization _bthe human consequences. |
| 942 |
_cLIBRO _a5 _e2 _mB347g _2DEWEY _h303.4 |
||
| 999 |
_c46079 _d46079 |
||